La enunciación; de la subjetividad en el lenguaje /

Guardado en:
Autor Principal: Kerbrat Orecchioni, Catherine
Formato: Libro
Publicado: Argentina : Hachette, 1986
Etiquetas: Agregar Etiqueta
Sin Etiquetas, Sea el primero en etiquetar este registro!
LEADER 00746nam a22001695a 4500
001 CEM.cems003579
005 19000101000000.0
008 130507s1986##################000#0#####d
003 CEMS
082 0 4 |a 400 
100 1 |a Kerbrat Orecchioni, Catherine 
245 1 0 |a La enunciación; de la subjetividad en el lenguaje / 
260 |a Argentina :  |b Hachette,  |c 1986 
300 |a 307 p. 
505 0 |a Signos de una nueva ética. Etica y an lisis l¢gico. La dicotom¡a hecho/valor. La ciencia es eticamente neutral? Acci¢n de la ciencia sobre la é- tica. La justificaci¢n cient¡fica del juicio moral. La ética como ciencia. 
859 |a CEMS  |b BIB. CEMS - 11 de abril  |h 400  |i K452  |p 16290.91  |t Ej.1 
859 |a CEMS  |b BIB. CEMS - 11 de abril  |h 400  |i K452  |p 22161.03  |t Ej.2